| 000 | 00844nas a2200277 4500 | ||
|---|---|---|---|
| 001 | BR0002861 | ||
| 003 | BR-BrBNA | ||
| 005 | 20231205101901.0 | ||
| 007 | ta | ||
| 008 | 230509b bl.|||p| |||| 00| 00por d | ||
| 040 |
_aBR-BrBNA _bpor _cBiblioteca Nacional de Agricultura |
||
| 041 | _a(Pt) | ||
| 072 | _aJ10 | ||
| 100 | 1 | _aMartins, L. | |
| 100 | 1 | _aLago, A.A. do | |
| 100 | 1 | _aGroth, D. | |
| 245 | 1 | _aValor cultural de sementes de Brachiaria brizantha (Hochst. ex A.Rich)Stapf durante o armazenamento | |
| 650 | _aCapim Brachiaria | ||
| 650 | _aSemente | ||
| 650 | _aArmazenamento | ||
| 650 | _aCaracteristicas Agronomicas | ||
| 650 | _aQualidade | ||
| 773 | 0 |
_tRevista Brasileira de Sementes (Brazil) _xISSN 0101-3132 _g(1998), v. 20(1) p. 60-64 _wBR0002861 |
|
| 909 |
_a202311 _bLúcia _c55 _dLúcia Elande |
||
| 942 |
_2AGRIS _n0 _cANA |
||
| 999 |
_c164504 _d164504 |
||